Desarrollo de una máquina de control numérico computarizado de 3 ejes con sistema independiente, para la creación de piezas complejas en madera de forma automatizada
Presenta un prototipo de un sistema independiente automatizado orientado al tallado y torneado de madera, con base en el control numérico computarizado y el lenguaje universal para mecanizado.
| Main Author: | |
|---|---|
| Other Authors: | |
| Format: | Tesis Section = Libro |
| Language: | Undetermined Spanish |
| Published: |
Managua
UNI
2020
|
| Subjects: |
| LEADER | 01022nam a2200241Ia 4500 | ||
|---|---|---|---|
| 008 | 240830s9999 xx 000 0 und d | ||
| 040 | |a BIBLIOTECA-RUSB/ Mon 621.9023 L864 | ||
| 041 | |a spa | ||
| 082 | |a Mon 621.9023 L864 | ||
| 100 | 1 | |a López Puerto, Eliel Ariel | |
| 245 | 1 | 0 | |a Desarrollo de una máquina de control numérico computarizado de 3 ejes con sistema independiente, para la creación de piezas complejas en madera de forma automatizada |
| 260 | |a Managua |b UNI |c 2020 | ||
| 300 | |a 85 p. :il. | ||
| 500 | |a Contiene: anexos y CD. | ||
| 502 | |a Tesis (Ingeniero Electrónico) - UNI, 2020. | ||
| 520 | 3 | |a Presenta un prototipo de un sistema independiente automatizado orientado al tallado y torneado de madera, con base en el control numérico computarizado y el lenguaje universal para mecanizado. | |
| 650 | 7 | |a MAQUINA HERRAMIENTAS | |
| 650 | 7 | |b CONTROL NUMERICO | |
| 650 | 7 | |c PROGRAMA PARA COMPUTADORA | |
| 700 | 1 | |a Tutor: |b Gaitán, Álvaro Antonio | |
| 942 | |c BK |2 ddc | ||
| 991 | |a TESIS | ||
| 999 | |c 20360 | ||